Central Library OPAC University of Rajshahi

حسان بن ثابت الانصاري : شاعر الرسول.;; hasaan bin thabit aliansarii : shaeir alrasuli. / (Record no. 78676)

MARC details
000 -LEADER
fixed length control field 00886aaa a2200217 a 4500
001 - CONTROL NUMBER
control field 78676
003 - CONTROL NUMBER IDENTIFIER
rucl marc code BD-RjUL
005 - DATE AND TIME OF LATEST TRANSACTION
control field 20211209083148.0
008 - FIXED-LENGTH DATA ELEMENTS--GENERAL INFORMATION
fixed length control field 211101s1998 su ||||| |||| 00| 0 ara d
035 ## - SYSTEM CONTROL NUMBER
System control number (BD-RjUL)78902
040 ## - CATALOGING SOURCE
Original cataloging agency BD-RjUL
Language of cataloging eng
Transcribing agency BD-RjUL
041 ## - LANGUAGE CODE
Language code of text/sound track or separate title ara
082 ## - DEWEY DECIMAL CLASSIFICATION NUMBER
Edition number 23
Classification number 892.71092
Author mark and year SEH 1998
100 ## - MAIN ENTRY--PERSONAL NAME
Personal name سليم، محمد ابراهيم ;; Selim, Mohamed Ibrahim
9 (RLIN) 249499
245 10 - TITLE STATEMENT
Title حسان بن ثابت الانصاري : شاعر الرسول.;; hasaan bin thabit aliansarii : shaeir alrasuli. /
Statement of responsibility, etc. محمد ابراهيم سليم حسان بن ثابت ;; Muhammad Ibrahim Salim Hassan bin Thabet
260 ## - PUBLICATION, DISTRIBUTION, ETC. (IMPRINT)
Place of publication, distribution, etc. المدينه :
Name of publisher, distributor, etc. دار الطلائع للنشر والتوزيع والتصدير،
Date of publication, distribution, etc. 1998
300 ## - PHYSICAL DESCRIPTION
Pagination 96 p. ;
Size 22 cm
600 ## - SUBJECT ADDED ENTRY--PERSONAL NAME
Personal name Hassan ibn Thabit
Dates associated with a name d. 674.
650 ## - SUBJECT ADDED ENTRY--TOPICAL TERM
Topical term or geographic name as entry element Companions (Sahaba)
9 (RLIN) 236888
942 ## - ADDED ENTRY ELEMENTS (KOHA)
Source of classification or shelving scheme Dewey Decimal Classification
Koha item type Books
Holdings
Lost status Source of classification or shelving scheme Damaged status Not for loan Collection code Permanent Location Current Location Shelving location Date acquired Source of acquisition Cost, normal purchase price Total Checkouts Full call number Date last seen Copy number Koha item type
  Dewey Decimal Classification   Not For Loan Non-fiction Central Library, University of Rajshahi Central Library, University of Rajshahi Rare Book Section 17/11/2009 Ahsania Mission , Dhaka 155.00   A 297.648 SAH 1995 01/11/2021 C-1 Books